El siglo de las guerras: política, conflictos y sociedad desde 1914
Guardat en:
| Autor principal: | |
|---|---|
| Format: | Llibre |
| Idioma: | espanyol |
| Publicat: |
Barcelona, España
Paidós Ibérica
2005
|
| Col·lecció: | Paidós Historia Contemporánea,
29 |
| Matèries: | |
| Etiquetes: |
Afegir etiqueta
Sense etiquetes, Sigues el primer a etiquetar aquest registre!
|
MARC
| LEADER | 00000nam a2200000 a 4500 | ||
|---|---|---|---|
| 001 | UCK9108 | ||
| 003 | CL-VaPUC | ||
| 005 | 20210728001527.0 | ||
| 008 | 060421e20050000SP |||||||||||||||||spa|d | ||
| 999 | |c 316396 |d 316394 | ||
| 020 | |a 8449317142 | ||
| 040 | |c Pontificia Universidad Católica de Valparaíso | ||
| 082 | 0 | 4 | |a 909.82 KOL 2005 |2 21 |
| 100 | |a Kolko, Gabriel |e author |9 498810 | ||
| 245 | 1 | 3 | |a El siglo de las guerras: |b política, conflictos y sociedad desde 1914 |
| 260 | |a Barcelona, España |b Paidós Ibérica |c 2005 | ||
| 300 | |a 375 páginas | ||
| 490 | 0 | |a Paidós Historia Contemporánea, |v 29 | |
| 583 | |a last modification |c 20060421 00:00:00 |k Rodrigo Vera | ||
| 650 | 7 | |a HISTORIA UNIVERSAL SIGLO 20 |2 CL-VaPUC |9 361893 | |
| 650 | 0 | |a Primera Guerra Mundial |9 373283 | |
| 650 | 0 | |a Relaciones Internacionales |9 255740 | |
| 650 | 7 | |a FILOSOFIA POLITICA |2 CL-VaPUC |9 498811 | |
| 650 | 0 | |a Comunismo |9 255588 | |
| 650 | 0 | |a Problemas sociales |9 258537 | |
| 942 | |c BK |2 ddc | ||
| 945 | |d 20060421 00:00:00 |a cmena | ||
| 952 | |0 0 |1 0 |2 ddc |4 0 |6 909_820000000000000_KOL_2005 |7 0 |8 A |9 390765 |a BIBHIS |b BIBHIS |d 2019-11-22 |i 422311K |l 1 |o 909.82 KOL 2005 |p 422311K |r 2025-01-20 |s 2023-04-10 |t 1 |w 2019-11-22 |y BK |k HIS | ||